| 000 | 00296nam a2200121Ia 4500 | ||
|---|---|---|---|
| 008 | 240731s9999 xx 000 0 und d | ||
| 022 | _a2374-4014 | ||
| 245 | 0 | _aCrime Psychology Review | |
| 260 | _bRoutledge | ||
| 856 | _uhttps://www.tandfonline.com/loi/rcrm20 | ||
| 942 | _2ddc | ||
| 942 | _cTFEJ | ||
| 999 |
_c76084 _d76084 |
||
| 945 |
_a1 _bMadushi Gamage _c1 _dMadushi Gamage |
||